Marketing Directo con sentido común

Guardat en:
Dades bibliogràfiques
Autor principal: Bird, Drayton (Autor)
Format: Llibre
Idioma:espanyol
Publicat: Madrid Díaz de Santos 1991
Matèries:
Etiquetes: Afegir etiqueta
Sense etiquetes, Sigues el primer a etiquetar aquest registre!

MARC

LEADER 00000nam a2200000 a 4500
001 UCS1460
003 CL-VaPUC
008 970509e19910000SP |||||||||||||||||spa|d
082 0 4 |a 658.8  |b BIR  |2 21 
100 0 |a Bird, Drayton  |e author  |9 385937 
245 1 0 |a Marketing Directo con sentido común 
300 |a 392 p 
942 |c BK 
945 |d 19970509 00:00:00  |a amoreno 
260 |a Madrid  |b Díaz de Santos  |c 1991 
650 0 |a Marketing  |9 259324 
650 7 |a POSICIONAMIENTO EN EL MERCADO  |2 CL-VaPUC  |9 385938 
650 0 |a Creatividad   |9 310816 
650 0 |a Agencias   |9 385939 
650 0 |a Clientes  |9 369499 
583 |a last modification  |c 19970509 00:00:00  |k Rodrigo Vera 
999 |c 259540  |d 259538 
952 |0 0  |1 0  |4 0  |6 658_800000000000000_BIR_1991  |7 0  |8 A  |9 284413  |a BIBENE  |b BIBENE  |d 2019-11-19  |i 3304000  |o 658.8 BIR 1991  |p 3304000  |r 2025-01-15  |w 2019-11-19  |y BK  |k ICO